Z czego składa się motor - Statystyki

Ogólne statystyki
  • Ten quiz został rozwiązany 40 razy
  • Średni wynik to 7 z 20
Statystyki odpowiedzi
Elementy % Poprawnych
Koła
90%
Silnik
86%
Kierownica
79%
Rama
59%
Siedzenie
52%
Sprzęgło
52%
Hamulce
48%
Przedni widelec/amortyzator
45%
Skrzynia biegów
31%
Zbiornik paliwa
28%
Akumulator
24%
Kierunkowskazy
24%
Opony
21%
Manetka gazu
17%
Prędkościomierz
10%
Światło przednie/reflektor
10%
Światła tylne
7%
Układ wydechowy
7%
Stopka boczna
3%
Tylne zawieszenie/wahacz z amortyzatorami
3%
Nie znaleziono quizów pasujących do podanych kryteriów
Rozkład punktacji
Procent ludzi z każdym wynikiem
Percentyl według liczby udzielonych odpowiedzi
Twoja historia wyników
Nie rozwiązałeś tego quizu